Random North American Country to Capital - Statistics

General Stats
  • This quiz has been taken 1,048 times
  • The average score is 8 of 10
Answer Stats
Country Capital % Correct
Mexico Mexico City
100%
Canada Ottawa
99%
United States Washington D.C.
99%
Cuba Havana
98%
Jamaica Kingston
95%
Panama Panama City
95%
Haiti Port-au-Prince
93%
El Salvador San Salvador
93%
Costa Rica San José
87%
Guatemala Guatemala City
85%
Bahamas Nassau
82%
Dominican Republic Santo Domingo
81%
Nicaragua Managua
74%
Trinidad and Tobago Port of Spain
74%
Honduras Tegucigalpa
71%
Belize Belmopan
69%
Saint Kitts and Nevis Basseterre
67%
Dominica Roseau
66%
Antigua and Barbuda Saint John's
66%
Saint Vincent and the Grenadines Kingstown
61%
Barbados Bridgetown
60%
Grenada Saint George's
60%
Saint Lucia Castries
57%
No matching quizzes found
Score Distribution
Percent of People with Each Score
Percentile by Number Answered
Your Score History
You have not taken this quiz